Quick Pick: One Word Tony Musicals Quiz Stats

Quiz Updated Jun 12, 2016

Challenge
Share
Tweet
Embed
Score 0/10 Timer 01:30
2 Plays Today
% Correct
Cats
92.2%
Cabaret
84.7%
Hairspray
79.7%
Rent
78%
Evita
76.2%
Annie
75.5%
Once
32.4%
Nine
29%
Titanic
24.7%
Passion
16.5%

Today's Daily Dose

Missing Word
Law Misconceptions

Word Ladder
Easy Math

On This Day
January 20th

You're not logged in!

Compare scores with friends on all Sporcle quizzes.
Sign Up with Email
OR
Log In

You Might Also Like...

Show Comments

Extras

Top Quizzes Today


Score Distribution

Your Account Isn't Verified!

In order to create a playlist on Sporcle, you need to verify the email address you used during registration. Go to your Sporcle Settings to finish the process.